000 00601nam a2200205Ii 4500
001 6865
003 CO-ViMGA
008 241108s9999||||xx |||||||||||||| ||und||
040 _aCO-ViMGA
_bspa
_erda
_cCO-ViMGA
041 0 _aunk
082 0 4 _aC864.42-V293p
100 1 _aHector Fabio Varela
_947678
245 1 0 _aPalabras y visiones Ensayos
264 1 _a[Lugar de publicación no identificado] : Kelly, 1991
300 _avolumen
336 _atext
_btxt
_2rdacontent
337 _aunmediated
_bn
_2rdamedia
338 _avolume
_bnc
_2rdacarrier
940 _aidficha_siabuc: 6708. -- ficha_no_siabuc:6865
999 _c52260
_d52260